| 000 | 01692cam a22004934i 4500 | ||
|---|---|---|---|
| 003 | PE-LiUPU | ||
| 005 | 20250731172855.0 | ||
| 008 | 000711s1997 miu b 000 0 eng d | ||
| 020 | _a0310213274 | ||
| 020 | _a9780310213277 | ||
| 035 | _a(Sirsi) i9780310213277 | ||
| 040 |
_aE7B _erda _bspa _cE7B _dOCLCO _dOCLCF _dPE-LiUPU |
||
| 049 | _aPRUA | ||
| 082 | 0 | 4 |
_a242 _bY21 _220 |
| 100 | 1 |
_aYancey, Philip, _eautor. |
|
| 245 | 1 | 0 |
_aWhat's so amazing about grace? / _cPhilip Yancey. |
| 264 |
_aGrand Rapids, Mich. : _bZondervan Publishing House, _c1997. |
||
| 300 |
_a292 páginas ; _c24 centímetros. |
||
| 336 |
_atext _2rdacontent |
||
| 337 |
_aunmediated _2rdamedia |
||
| 338 |
_avolume _2rdacarrier |
||
| 504 | _aBibliografía : páginas 283-292. | ||
| 505 | _aHow sweet the sound -- Breaking the cycle of ungrace -- scent of scandal -- grace notes for a deaf world. | ||
| 526 | _aSEG42 | ||
| 526 | _aSEG41 | ||
| 526 | _aSEG40 | ||
| 526 | _aSEG39 | ||
| 526 | _aP94 | ||
| 526 | _aP87 | ||
| 526 | _aP86 | ||
| 526 | _aP85 | ||
| 526 | _aP77 | ||
| 526 | _aP76 | ||
| 526 | _aP35 | ||
| 650 | 0 | _aGracia (Teologia) | |
| 650 | 7 |
_aGracia(Teologia) _2fast _0(OCoLC)fst00945759 |
|
| 910 |
_ajck _bjos _cjck _d20160822 |
||
| 942 |
_2ddc _cBOOK |
||
| 949 |
_a242 Y21 _wDEWEY _c1 _i70848 _lCCODEBUL1 _mBUL _p20.00 _r0 _sY _tBOOK _u2016-8-22 _xTEOLOGIA _PP35 _0COMPRA _o.STAFF. Colección General |
||
| 994 |
_aC0 _bPEPRU |
||
| 596 | _a1 | ||
| 999 |
_a242 Y21 _wDEWEY _c11984 _i70848 _f2021-11-10 _g5 _lCCODEBUL1 _mBUL _p20.00 _r0 _sY _tBOOK _u2016-8-22 _xTEOLOGIA _PP35 _0COMPRA _o.STAFF. Colección General _d11984 |
||
| 980 |
_81 _gALBERTO SANCHEZ Responsable de Automatización |
||